00458nam a2200121Ia 4500008004100000082002400041100001700065245006700082260004700149365000600196630006700202730006700269100415s9999 xx 000 0 und d b15506a584.9(54558) aVijh Rohini aEconomics of Rope Making Under Participatory Forest Management aNEW DELHIc1993bHARYANA FOREST DEPARTMENT b0 aEconomics of Rope Making Under Participatory Forest Management aEconomics of Rope Making Under Participatory Forest Management